Thermal performance of traditional windows (Record no. 109559)
[ view plain ]
| 000 -LEADER | |
|---|---|
| fixed length control field | 01396cad a22002535a 4500 |
| 001 - CONTROL NUMBER | |
| control field | E147456 |
| 008 - FIXED-LENGTH DATA ELEMENTS--GENERAL INFORMATION | |
| fixed length control field | 090513s2008 xxkao f 000 0 eng d |
| 035 ## - SYSTEM CONTROL NUMBER | |
| System control number | (Sirsi) u147456 |
| 041 0# - LANGUAGE CODE | |
| Language code of text/sound track or separate title | eng |
| 050 04 - LIBRARY OF CONGRESS CALL NUMBER | |
| Classification number | 690.241 $2 18 |
| 100 1# - MAIN ENTRY--PERSONAL NAME | |
| Personal name | Baker, Paul |
| 245 00 - TITLE STATEMENT | |
| Title | Thermal performance of traditional windows |
| Medium | [electronic resource] |
| 250 ## - EDITION STATEMENT | |
| Edition statement | Revised 2010 |
| 260 ## - PUBLICATION, DISTRIBUTION, ETC. | |
| Place of publication, distribution, etc. | Glasgow |
| Name of publisher, distributor, etc. | Glasgow Caledonian University |
| Date of publication, distribution, etc. | 2008 |
| 490 #0 - SERIES STATEMENT | |
| Series statement | Historic Scotland Technical Paper |
| Volume/sequential designation | (1) |
| 520 ## - SUMMARY, ETC. | |
| Summary, etc. | Presents the results of a study into the thermal performance of traditional windows and ways in which heat loss can be reduced. The research was carried out by the Centre for Research on Indoor Climate and Health at Glasgow Caledonian University on behalf of Historic Scotland. Suggests that draught-proofing, the use of shutters and blinds, secondary double glazing and the use of double glazed replacement panes can all improve windows' thermal performance. |
| 521 ## - TARGET AUDIENCE NOTE | |
| Target audience note | Advanced |
| 590 ## - LOCAL NOTE (RLIN) | |
| Local note | KA |
| 651 #4 - SUBJECT ADDED ENTRY--GEOGRAPHIC NAME | |
| Geographic name | Scotland |
| Chronological subdivision | 1999- |
| 690 ## - LOCAL SUBJECT ADDED ENTRY--TOPICAL TERM (OCLC, RLIN) | |
| Topical term or geographic name as entry element | BUILT ENVIRONMENT-BUILDING TYPES-ANCIENT MONUMENTS AND HISTORIC BUILDINGS |
| 690 ## - LOCAL SUBJECT ADDED ENTRY--TOPICAL TERM (OCLC, RLIN) | |
| Topical term or geographic name as entry element | BUILT ENVIRONMENT-BUILDING ELEMENTS-PARTS OF BUILDING ELEMENTS-OPENINGS-WINDOWS |
| 856 40 - ELECTRONIC LOCATION AND ACCESS | |
| Uniform Resource Identifier | <a href="https://www.historic-scotland.gov.uk/thermal_performance_of_traditional_windows_2010.pdf">https://www.historic-scotland.gov.uk/thermal_performance_of_traditional_windows_2010.pdf</a> |
| Public note | View the report free of charge at www.historic-scotland.gov.uk... |
| 942 ## - ADDED ENTRY ELEMENTS (KOHA) | |
| Suppress in OPAC | 0 |
| Withdrawn status | Lost status | Source of classification or shelving scheme | Damaged status | Not for loan | Home library | Current library | Shelving location | Date acquired | Total Checkouts | Full call number | Barcode | Date last seen | Copy number | Price effective from | Koha item type |
|---|---|---|---|---|---|---|---|---|---|---|---|---|---|---|---|
| Dewey Decimal Classification | Virtual | Virtual | Online | 13/05/2009 | ONLINE PUBLICATION | 147456-2001 | 06/08/2019 | 1 | 06/08/2019 | Book |